| 000 | 00896nam a2200241 i 4500 | ||
|---|---|---|---|
| 001 | bg | ||
| 245 | 0 | 0 |
_aZarządzanie w sektorze publicznym : _b- rozwój zrównoważony - metody wyceny / _cpod red. Piotra Jeżowskiego ; Szkoła Główna Handlowa w Warszawie. Kolegium Ekonomiczo-Społeczne. Katedra Ekologii. |
| 260 |
_aWarszawa : _bOficyna Wydawnicza SGH, _c2002. |
||
| 300 |
_a192 s. : _bwykr. ; _c24 cm. |
||
| 504 | _aBibliogr. przy rozdz. | ||
| 650 | 9 |
_aSektor publiczny _xzarządzanie |
|
| 650 | 9 |
_aOchrona środowiska _xzarządzanie |
|
| 650 | 9 |
_aEkorozwój _xzagadnienia |
|
| 700 | 1 |
_aJEŻOWSKI, Piotr. _eRed. |
|
| 020 | _a8372251789 | ||
| 040 | _cBPK | ||
| 041 | 0 | _apol | |
| 080 | _a351/354:65.012.4:504.03 | ||
| 920 | _a83-7225-178-9 | ||
| 942 | _cKS | ||
| 008 | s pl f |000 0 pol | ||
| 999 |
_c43789 _d43789 |
||
| 856 |
_uhttp://koha.tu.koszalin.pl/cgi-bin/koha/opac-detail.pl?biblionumber=43789 _yKatalog online BPK |
||